| 000 | 00767nam a2200253 a 4500 | ||
|---|---|---|---|
| 999 |
_c3542 _d3542 |
||
| 001 | 16621 | ||
| 003 | BD-DhUAP | ||
| 005 | 20200308161503.0 | ||
| 008 | 090507s20112008ii a 001 0 eng d | ||
| 020 | _a9788126526857 | ||
| 040 |
_aBD-DhUAP _cBD-DhUAP _dBD-DhUAP _bEng |
||
| 082 | 0 | 0 |
_a621.3815 IRW _223 |
| 100 | 1 | _aIrwin, J. David. | |
| 245 | 1 | 0 |
_aBasic engineering circuit analysis / _cJ. David Irwin and R. Mark Nelms. |
| 250 | _a9th ed. | ||
| 260 |
_aNew Delhi : _bJ. Wiley & Sons, _cc2008 [Reprinted 2011]. |
||
| 300 |
_axi, 844 pages : _billustrations ; _c24 cm. |
||
| 500 | _aIncludes index. | ||
| 650 | 0 | _aElectric circuit analysis. | |
| 700 | 1 | _aNelms, R. Mark. | |
| 942 |
_2ddc _cBK |
||